Vezët e Vdekjes (Record no. 60834)
[ view plain ]
| 000 -LEADER | |
|---|---|
| fixed length control field | 00266nam a22001217a 4500 |
| 008 - FIXED-LENGTH DATA ELEMENTS--GENERAL INFORMATION | |
| fixed length control field | 260220b ||||| |||| 00| 0 eng d |
| 041 ## - LANGUAGE CODE | |
| Language code of text/sound track or separate title | Shqip |
| 080 ## - UNIVERSAL DECIMAL CLASSIFICATION NUMBER | |
| Universal Decimal Classification number | 2.1 |
| 100 ## - Rafti | |
| Rafti | 20.1 |
| 101 ## - Shkurtesa | |
| Shkurtesa | roman |
| 245 ## - TITLE STATEMENT | |
| Title | Vezët e Vdekjes |
| Statement of responsibility, etc | Binak Kelmendi |
| 942 ## - ADDED ENTRY ELEMENTS (KOHA) | |
| Source of classification or shelving scheme | |
| Item type | Books |
| Withdrawn status | Lost status | Source of classification or shelving scheme | Damaged status | Not for loan | Collection code | Permanent location | Current location | Date acquired | Total Checkouts | Barcode | Date last seen | Price effective from | Koha item type |
|---|---|---|---|---|---|---|---|---|---|---|---|---|---|
| Koleksioni i përgjithshem | UBT - Lipjan | UBT - Lipjan | 02/20/2026 | 002-800070999546 | 02/20/2026 | 02/20/2026 | Books | ||||||
| Koleksioni i përgjithshem | UBT - Lipjan | UBT - Lipjan | 02/20/2026 | 002-800070999547 | 02/20/2026 | 02/20/2026 | Books | ||||||
| Koleksioni i përgjithshem | UBT - Lipjan | UBT - Lipjan | 03/06/2026 | 003-80007099926 | 03/06/2026 | 03/06/2026 | Books |